|
|
|
|
| LEADER |
01511nam a2200361 a 4500 |
| 001 |
3425 |
| 003 |
BD-DhAAL |
| 008 |
090504d19811993enkuuz 0 a0eng d |
| 999 |
|
|
|c 366
|d 366
|
| 010 |
|
|
|a 84643190
|z sn 82000475
|
| 020 |
|
|
|a 0192615351
|
| 040 |
|
|
|a CU-AM
|c CU-AM
|d DNLM
|d MnMULS
|d NSDP
|d NST
|d OCoLC
|d NST
|d OCoLC
|d NST
|d DLC
|d NST
|d DLC
|d NST
|d MH
|d NST
|d OCoLC
|d EbpS
|d BD-DhAAL
|
| 082 |
0 |
|
|a 618.920005
|2 19
|
| 210 |
0 |
|
|a Adv. int. matern. child health
|
| 222 |
|
0 |
|a Advances in international maternal and child health
|
| 245 |
0 |
0 |
|a Advances in international maternal and child health.
|
| 260 |
|
|
|a Oxford ;
|a New York :
|b Oxford University Press,
|c c1981-
|
| 300 |
|
|
|a v. :
|b illustrations ;
|c 24 cm.
|
| 362 |
0 |
|
|a Vol. 5-
|
| 490 |
1 |
|
|a Oxford medical publications
|
| 500 |
|
|
|a Editors: D.B. Jelliffe and E.F.P. Jelliffe.
|
| 541 |
|
|
|e 3425
|
| 590 |
|
|
|a SERBIB/SERLOC merged record
|
| 650 |
|
0 |
|a Pediatrics
|v Periodicals.
|9 41788
|
| 650 |
|
0 |
|a Obstetrics
|v Periodicals.
|9 41789
|
| 650 |
|
2 |
|a Maternal Health Services
|v Periodicals.
|9 41790
|
| 650 |
|
2 |
|a Child Health Services
|v Periodicals.
|9 41791
|
| 700 |
1 |
|
|a Jelliffe, Derrick Brian.
|9 41792
|
| 700 |
1 |
|
|a Jelliffe, E. F. Patrice.
|9 41793
|
| 760 |
0 |
|
|t Oxford medical publications
|
| 852 |
|
|
|a Ayesha Abed Library
|c General Stacks
|
| 942 |
|
|
|2 ddc
|c BK
|
| 952 |
|
|
|0 0
|1 0
|2 ddc
|4 0
|6 618_920005000000000_ADV_1985
|7 0
|9 332
|a BRACUL
|b BRACUL
|c GEN
|d 2009-05-04
|g 0.00
|l 0
|o 618.920005 ADV
|p 3010003425
|r 2009-05-04
|t 1
|w 2009-05-04
|y BK
|x No price found in the accession register.
|